Pays membres de l'UEFA n'ayant jamais participé à l'Euro - Statistiques

Statistiques générales
  • Ce quiz a été pris 175 fois
  • Le résultat moyen est 16 sur 20
Statistiques - réponses
Réponse % Correct
Andorre
91%
Lituanie
91%
Estonie
90%
Liechtenstein
89%
Saint-Marin
89%
Kosovo
85%
Moldavie
85%
Monténégro
84%
Luxembourg
82%
Chypre
81%
Arménie
79%
Biélorussie
79%
Malte
79%
Géorgie
74%
Azerbaïdjan
72%
Israël
71%
Gibraltar
70%
Bosnie-Herzégovine
66%
Kazakhstan
59%
Iles Féroé
50%
Aucun quiz correspondant
Distribution des résultats
% des personnes avec chaque résultat
Percentile par nombre de réponses
Votre historique - résultats
Vous n’avez pas pris ce quiz